000 00248nam a22001097a 4500
008 160510b xxu||||| |||| 00| 0 eng d
020 _a9780805376524
041 _aeng
080 _a573
245 _aMicrobiology:
_cRobert W.Bauman;
942 _2udc
_cBK
999 _c1940
_d1940